Auswanderungen Kolumbien - Statistiken

Allgemein
  • Dieses Quiz wurde 49 mal gespielt
  • Das Durchschnittsergebnis liegt bei 12 aus 15
Antwortstatistiken
Platz Land Anzahl % Korrekt
1. Vereinigte Staaten 808.148
100%
4. Chile 146.582
93%
15. Mexiko 13.922
93%
3. Spanien 514.110
93%
2. Venezuela 721.791
93%
6. Ecuador 89.931
91%
5. Kanada 76.850
89%
7. Panama 41.885
84%
11. Argentinien 27.714
82%
9. Vereinigtes Königreich 30.000
82%
12. Italien 18.375
78%
8. Australien 39.540
76%
10. Costa Rica 28.015
73%
14. Frankreich 14.000
71%
13. Niederlande 18.325
49%
Keine übereinstimmenden Quizze gefunden
Verteilung der Resultate
Anzahl Personen mit jedem Resultat
Perzentil nach korrekt beantworteten Fragen
Ihre Resultats-Entwicklung
Sie haben dieses Quiz noch nicht gespielt